El negocio de la Ilustración: historia editorial de la Encyclopédie, 1775-1800
محفوظ في:
| المؤلف الرئيسي: | |
|---|---|
| التنسيق: | كتاب |
| اللغة: | الإسبانية |
| منشور في: |
Ciudad de México
Fondo de Cultura Económica
2006
|
| سلاسل: | Libros Sobre Libros
|
| الموضوعات: | |
| الوسوم: |
إضافة وسم
لا توجد وسوم, كن أول من يضع وسما على هذه التسجيلة!
|
MARC
| LEADER | 00000cam a2200000 a 4500 | ||
|---|---|---|---|
| 001 | UCG9282 | ||
| 003 | CL-VaPUC | ||
| 008 | 120309e20060000MX |||||||||||||||||spa|d | ||
| 020 | |a 9681680138 | ||
| 082 | 0 | 4 | |a 070.509 |b DAR |2 21 |
| 100 | 0 | |a Darnton, Robert |e author |9 560772 | |
| 245 | 1 | 3 | |a El negocio de la Ilustración: historia editorial de la Encyclopédie, 1775-1800 |
| 300 | |a 692 p | ||
| 942 | |c BK | ||
| 945 | |d 20120309 00:00:00 |a dcastane | ||
| 260 | |a Ciudad de México |b Fondo de Cultura Económica |c 2006 | ||
| 650 | 0 | |a Libros |9 334511 | |
| 650 | 0 | |a Historia |9 255047 | |
| 583 | |a last modification |c 20120309 14:21:00 |k Rodrigo Vera | ||
| 490 | 0 | |a Libros Sobre Libros | |
| 999 | |c 346843 |d 346841 | ||
| 952 | |0 0 |1 0 |4 0 |6 070_509000000000000_DAR_2006 |7 0 |8 A |9 447774 |a BIBHIS |b BIBHIS |d 2019-11-22 |i 4803949 |o 070.509 DAR 2006 |p 4803949 |r 2025-01-20 |w 2019-11-22 |y BK |k HIS | ||
| 952 | |0 0 |1 0 |3 erb |4 0 |6 070_509000000000000_DAR_2006 |7 0 |8 A |9 447775 |a FDOHBE |b FDOHBE |e Huesbe Llanos, Marco Antonio, 1934- |i 5333326 |o 070.509 DAR 2006 |p 5333326 |r 2024-01-30 |w 2019-11-22 |y BK |z Catalogado en:20160623 |k HBE | ||